Koncertná hala v Prievidzi

Na minha lista:
Detalhes bibliográficos
Autor principal: Vičanová, Daniela (Author)
Outros Autores: Magura, Martin (Thesis advisor)
Formato: Manuscrito Livro
Idioma:eslovaco
Publicado em: 2015
Assuntos:
Acesso em linha:http://is.stuba.sk/zp/portal_zp.pl?podrobnosti=109754
https://opac.crzp.sk/?fn=detailBiblioForm&sid=78283B71680DBAF21545DA1D22D4
Tags: Adicionar Tag
Sem tags, seja o primeiro a adicionar uma tag!

MARC

LEADER 00000ntm a22000003a 4500
001 stuzp51335
003 SK-STU
005 20231114135123.9
007 ta
008 150427s2015----xo-----f-mn---000-0-slo-d
040 |a STU  |b slo 
041 0 |a slo 
100 1 |a Vičanová, Daniela  |u 010190  |4 aut  |U SvF Stavebná fakulta  |T SvF Katedra kovových a drevených konštrukcií  |X 7365  |U V190  |Y 21  |7 A000007365 
242 0 1 |a Concert Hall in Prievidza  |y eng 
245 1 0 |a Koncertná hala v Prievidzi 
260 |c 2015 
650 4 |a rošt  |2 slo 
650 4 |a laná  |2 slo 
650 4 |a oblúk  |2 slo 
650 4 |a väzník  |2 slo 
650 4 |a rope  |2 eng 
650 4 |a fork  |2 eng 
650 4 |a bearing  |2 eng 
700 1 |a Magura, Martin  |4 ths  |X 2620  |7 A000002620 
856 4 |u http://is.stuba.sk/zp/portal_zp.pl?podrobnosti=109754 
856 4 |u https://opac.crzp.sk/?fn=detailBiblioForm&sid=78283B71680DBAF21545DA1D22D4 
SQL |a stuzp51335  |b DDP  |c SLO  |d Koncertná hala v Prievidzi  |e 7365  |f Vičanová, Daniela  |g 010190  |h 2620  |i Magura, Martin  |j 20150616  |k 682  |l 01  |m http://is.stuba.sk/zp/portal_zp.pl?podrobnosti=109754  |n I-IKD  |o 5.1.5. inžinierske konštrukcie a dopravné stavby